000 01002nas a2200313 4500
001 BR2010000026
003 BR-BrBNA
005 20231205114030.0
007 ta
008 230509b bl.|||p| |||| 00| 00por d
040 _aBR-BrBNA
_bpor
_cBiblioteca Nacional de Agricultura
041 _a(Pt)
072 _aL01; L02
100 1 _aSalvador, S.C.
100 1 _aPereira, M.N.
100 1 _aSantos, J.F.
100 1 _aMelo, L.Q.
100 1 _aChaves, M.L.
245 1 _aResposta de vacas leiteiras à substituição total de milho por polpa cítrica e à suplementação com microminerais orgânicos II: desempenho e economia
650 _aBOVINO
650 _aAMIDO
650 _aPRODUÇÃO LEITEIRA
650 _aPECTINA
650 _aCUSTO
650 _aALIMENTO
773 0 _tArquivo Brasileiro de Medicina Veterinária e Zootecnia (Brazil)
_xISSN 0102-0935
_g(Oct 2008), v. 60(5) p. 1142-1149
_wBR2010000026
909 _a202311
_bLúcia
_c55
_dLúcia Elande
942 _2AGRIS
_n0
_cANA
999 _c206798
_d206798